书目信息 |
| 书名: | Maple V flight manual | |
| 作者: | Wade Ellis, Jr. ... [et al.]. | |
| 分册号: | ||
| 分册名: | 出版地: | Pacific Grove, Calif. : |
|
| 出版社: | Brooks/Cole Pub. Co | |
| 出版时间: | c1992. | |
| 页数: | xxi, 183 p. : | |
| 开本: | 24 cm. | |
| 丛书名: | Brooks/Cole symbolic computation series | |
| 中图分类号: | ||
| 科图分类号: | ||
| 其他分类号: | E47 | |
| 主题词: | ||
| 电子资源: | ||
| 000 | 01134cam a2200289 a 450 | |
| 001 | E0737810635 | |
| 005 | 20070506103137.96 | |
| 008 | 910918s1992 caua 001 0 eng | |
| 010 | @a91036001 | |
| 020 | @a0534173381. | |
| 035 | @A(DLC) 91036001 | |
| 040 | @aDLC@cDLC@dDLC | |
| 050 | 00 | @aQA155.7.E4@bM35 1991 |
| 082 | 00 | @a510/.285/5369@2 20 |
| 090 | @aE47 | |
| 099 | @dE47@ex5 | |
| 245 | 00 | @aMaple V flight manual :@btutorials for calculus, linear algebra, and differential equations / @cWade Ellis, Jr. ... [et al.]. |
| 260 | @aPacific Grove, Calif. :@bBrooks/Cole Pub. Co.,@cc1992. | |
| 300 | @axxi, 183 p. :@bill. ;@c24 cm. | |
| 440 | 0 | @aBrooks/Cole symbolic computation series |
| 500 | @a"For use with: Macintosh IBM PC386/486 SUN, DEC, and MIPS systems"--P. [2] of cover. | |
| 500 | @aIncludes index. | |
| 630 | 00 | @aMaple (Computer file) |
| 700 | 1 | @aEllis, Wade. |
| 906 | @a7@bcbc@corignew@d1@eocip@f19@gy-gencatlg | |
| 955 | @apc18 to bt00 09-18-91; bt26 to SCD 09-18-91; fg04 09-19-91; fn24 09-24-91; CIP ver. ta06; to SL 01-29-92 | |
| 991 | @bc-GenColl@hQA155.7.E4@iM35 1991@p00018670719@tCopy 1@wBOOKS | |
| Maple V flight manual : : tutorials for calculus, linear algebra, and differential equations / / Wade Ellis, Jr. ... [et al.].-Pacific Grove, Calif. : : Brooks/Cole Pub. Co., , c1992. |
| xxi, 183 p. : : ill. ; ; 24 cm.- (Brooks/Cole symbolic computation series ) |
| "For use with: Macintosh IBM PC386/486 SUN, DEC, and MIPS systems"--P. [2] of cover.-Includes index. |
| ISBN 0534173381. |
| ● |
| 相关链接 |
|
|
|
|
正题名:Maple V flight manual
索取号:E47/x5
 
预约/预借
| 序号 | 登录号 | 条形码 | 馆藏地/架位号 | 状态 | 备注 |
| 1 | 007224 | 300072249 | 第二样本阅览室/ [索取号:E47/x5] | 在馆 | |
| 2 | 007225 | 300072258 | 第四借阅区/ [索取号:E47/x5] | 在馆 | |
| 3 | 007226 | 300072267 | 第四借阅区/ [索取号:E47/x5] | 在馆 |